000 00842nam a22002777a 4500
001 BR8905314
003 BR-BrBNA
005 20230928093325.0
007 ta
008 230509b bl.||||| |||| 00| 0 por d
040 _aBR-BrBNA
_bpor
_cBiblioteca Nacional de Agricultura
041 _a(Por)
072 _aF30; H10
_b0336
090 _ 0336 BR8905314
100 1 _aCosta, M. de C.
110 1 _aUniversidade Federal de Vicosa, MG (Brasil)
_0Tese (Magister Scientiae)
245 1 _aTabelas de vida de cultivares de soja (Glycine max (L.)Merrill)e variacao sazonal da entomofauna
260 3 _aVicosa, MG (Brasil):
_c1989.
300 _a61 p.
500 _a16 illus.; 14 tables; 37 ref.; Summaries (Eng, Por)
650 _aSOJA
650 _aVARIEDADE
650 _aFAUNA
909 _a202309
_bLucia
_c55
_dLucia Elande
942 _cBK
999 _c44320
_d44320